Statistiken für Pokemon Gen 2 (Ger)

Klicken Sie hier um das Quiz zu spielen!

Allgemein

  • Dieses Quiz wurde 162 mal gespielt
  • Das Durchschnittsergebnis liegt bei 74 aus 100

Antwortstatistiken

Nr.#Pokemon Name% Korrekt
251Celebi
100%
250Ho-Oh
100%
249Lugia
100%
155Feurigel
98%
248Despotar
96%
244Entei
96%
158Karnimani
96%
246Larvitar
96%
247Pupitar
96%
152Endivie
93%
153Lorblatt
93%
245Suicune
93%
163Hoothoot
89%
160Impergator
89%
243Raikou
89%
157Tornupto
89%
156Igelavar
87%
154Meganie
87%
159Tyracroc
87%
162Wiesenior
87%
161Wiesor
87%
239Elekid
85%
240Magby
85%
164Noctuh
85%
208Stahlos
83%
181Ampharos
80%
168Ariados
80%
229Hundemon
80%
197Nachtara
80%
196Psiana
80%
182Blubella
78%
228Hunduster
78%
169Iksbat
78%
172Pichu
78%
186Quaxo
78%
212Scherox
78%
179Voltilamm
78%
167Webarak
78%
166Ledian
76%
185Mogelbaum
76%
180Waaty
76%
187Hoppspross
74%
238Kussilla
74%
241Miltank
74%
173Pii
74%
215Sniebel
74%
192Sonnflora
74%
191Sonnkern
74%
174Fluffeluff
72%
242Heiteira
72%
221Keifel
72%
165Ledyba
72%
230Seedraking
72%
209Snubbull
72%
200Traunfugil
72%
210Granbull
70%
188Hubelupf
70%
201Icognito
70%
170Lampi
70%
199Laschoking
70%
220Quiekel
70%
236Rabauz
70%
223Remoraid
70%
214Skaraborn
70%
204Tannza
70%
175Togepi
70%
232Donphan
67%
205Forstellka
67%
237Kapoera
67%
171Lanturn
67%
226Mantax
67%
224Octillery
67%
189Papungha
67%
194Felino
65%
198Kramurx
65%
195Morlord
65%
227Panzaeron
65%
231Phanpy
65%
216Teddiursa
65%
176Togetic
65%
217Ursaring
65%
203Girafarig
63%
233Porygon2
63%
218Schneckmag
63%
184Azumarill
61%
219Magcargo
61%
183Marill
61%
207Skorgla
61%
202Woingenau
61%
211Baldorfish
59%
225Botogel
59%
206Dummisel
59%
235Farbeagle
59%
177Natu
59%
178Xatu
59%
193Yanma
59%
234Damhirplex
57%
190Griffel
57%
222Corasonn
54%
213Pottrott
52%

Verteilung der Resultate

Perzentil nach korrekt beantworteten Fragen

Anzahl Personen mit jedem Resultat

Ihre Resultats-Entwicklung

Sie haben dieses Quiz noch nicht gespielt